| 000 | 00762nam a2200217 a 4500 | ||
|---|---|---|---|
| 001 | 000022199 | ||
| 005 | 20200930011627.0 | ||
| 008 | 100920s19uu dr a 001 0 spa d | ||
| 020 | _a9945000098 | ||
| 040 |
_aDO-SdBNP _bspa _cBNPHU |
||
| 082 |
_axxxx _bL961e |
||
| 100 | 1 |
_aLuna Huggins, Rosa Ana de _945926 |
|
| 245 | 1 | 0 |
_aEso soy, adolescente / _cRosa Ana de Luna Huggins; prólogo Marino Contreras ; ilustración Omar D.Alexander. |
| 260 |
_a[Santo Domingo] : _bEditorial Dahiana, _c[198?]. |
||
| 300 |
_a124 p. : _bil. ; _c21 cm. |
||
| 500 | _aIncluye datos biográficos del autor en la contracubierta | ||
| 504 | _aBibliografía : p. 123-124 | ||
| 700 | 1 |
_aContreras, Marino _epról. _945927 |
|
| 700 | 1 |
_aAlexander, Omar D. _eil. _945928 |
|
| 049 | _aBNPD | ||
| 999 |
_c21697 _d21697 |
||